Normale Ansicht MARC-Ansicht ISBD

Kolonialismus : (Titelsatznr. 37497)

[ MARC ]
MARC-Details
000 -Satzkennung
Kontrollfeld mit fester Länge 01238nam a22003731c 4500
001 - Kontrollnummer
Kontrollfeld a987681666
003 - Kontrollnummer Identifier
Kontrollfeld RU-10907106
005 - Datum und Zeit der letzten Transaktion
Kontrollfeld 20211006110023.0
008 - Feld mit fester Länge zur physischen Beschreibung - Allgemeine Angaben
Kontrollfeld mit fester Länge 091119s2006 gw |||| 000u ger d
020 ## - Internationale Standardbuchnummer
Internationale Standardbuchnummer 3406390021
Verknüpfung 3-406-39002-1
040 ## - Katalogisierungsquelle
Übertragungsstelle RU-10907106
Original-Katalogisierungsstelle RU-10907106
Katalogisierungssprache ger
041 ## - Sprachcode
Sprachcode des Textes/der Tonspur oder des separaten Titels ger
100 1# - Haupteintragung - Personenname
Personenname Osterhammel, Jürgen
245 00 - Titel
Titel Kolonialismus :
Zusatz zum Titel Geschichte, Formen, Folgen /
Verfasserangabe etc. Jürgen Osterhammel
250 ## - Ausgabebezeichnung
Ausgabebezeichnung 5., aktualisierte Aufl. ; Orig.-Ausg
264 ## - Produktion, Veröffentlichung, Distribution, Herstellung und Urheberrechtsvermerk
Herstellungs-, Veröffentlichungs- Vertriebs-, Erzeugungsort München :
Produzent, Herausgeber, Distributor, Hersteller Beck,
Datum der Herstellung, der Veröffentlichung, des Vertriebs oder des Urheberschutzvermerks 2006
300 ## - Physische Beschreibung
Umfang 142 S. ; 18 cm
336 ## - Inhaltstyp
Inhaltstypterm Text
Inhaltstypcode txt
Quelle rdacontent
337 ## - Medientyp
Bezeichnung des Medientyps Computermedien
Medientypcode c
Quelle rdamedia
338 ## - Datenträgertyp
Datenträgertypbezeichnung Online-Ressource
Datenträgertypcode cr
Quelle rdacarrier
490 #0 - Gesamttitelangabe
Gesamttitelangabe Beck'sche Reihe
Bandnummer/Folgebezeichnung 2002 : C. Beck Wissen
500 ## - Allgemeine Fußnote
Allgemeine Fußnote E-Book-Ciando / Zugriff im DHI-Lesesaal, Fernzugriff für registrierte Nutzer
650 #0 - Nebeneintragung unter einem Schlagwort - Sachschlagwort
Sachschlagwort oder geografischer Name als Eintragungselement Imperialismus
650 #0 - Nebeneintragung unter einem Schlagwort - Sachschlagwort
Sachschlagwort oder geografischer Name als Eintragungselement Kolonialismus
650 #0 - Nebeneintragung unter einem Schlagwort - Sachschlagwort
Sachschlagwort oder geografischer Name als Eintragungselement Wirtschaft
650 #0 - Nebeneintragung unter einem Schlagwort - Sachschlagwort
Sachschlagwort oder geografischer Name als Eintragungselement Globalisierung
650 #0 - Nebeneintragung unter einem Schlagwort - Sachschlagwort
Sachschlagwort oder geografischer Name als Eintragungselement Weltgeschichte
655 #0 - Indexierungsterm - Genre/Form
Genre/Form oder fokussierter Term
655 #0 - Indexierungsterm - Genre/Form
Genre/Form oder fokussierter Term
655 #0 - Indexierungsterm - Genre/Form
Genre/Form oder fokussierter Term Fernzugriff
776 08 - Andere physische Form
Verweisungsphrase Erscheint auch als
Fußnote Print-Ausgabe
Titel Kolonialismus
Datensatzkontrollnummer 00100571549
856 4# - Elektronische Adresse und Zugriff
URL <a href="http://dgia.ciando.com/book/index.cfm/bok_ID/15440">http://dgia.ciando.com/book/index.cfm/bok_ID/15440</a>
942 ## - Zusätzliche Felder (Koha)
Koha-Medientyp E-Books
Klassifikation oder Aufstellungssystematik Andere/Generische Klassifikation
Exemplare
Ausgeschieden Verloren Beschädigt Nicht entleihbar Heimatbibliothek Aufenthaltsbibliothek Aufstellungsort Erwerbungsdatum Inventarnummer Signatur Barcode Letzte Aktivität Preis gültig von Koha-Medientyp
        MWN Osteuropa MWN Osteuropa Online-Ressource 19/11/2009 09-e00167 E-09-e00167 | W 10 B s Ost (E-Book) 37501 18/03/2021 22/03/2021 E-Books